[Event "GER-ch Blitz"]
[Site "Viernheim"]
[Date "2023.07.15"]
[Round "13"]
[White "Heinrich, Thomas"]
[Black "Frischmann, Rick"]
[Result "1-0"]
[WhiteElo "2203"]
[BlackElo "2388"]
[PlyCount "71"]
[EventDate "2023.07.15"]
[EventType "tourn (blitz)"]
[EventRounds "29"]
[EventCountry "GER"]
[SourceTitle "CBM 215 Extra"]
[Source "ChessBase"]
[SourceDate "2023.09.30"]
[SourceVersion "1"]
[SourceVersionDate "2023.09.30"]
[SourceQuality "1"]

1. Nf3 d5 2. c4 d4 3. e4 Nc6 4. d3 e5 5. g3 f5 6. exf5 Bxf5 7. Nbd2 Nf6 8. Qe2 Bb4 9. Ng5 0-0 10. Bg2 Bg4 11. f3 Bd7 12. 0-0 a5 13. Nge4 Qe8 14. a3 Be7 15. Nxf6+ Bxf6 16. Ne4 Qg6 17. Bd2 a4 18. Rae1 b6 19. Nxf6+ gxf6 20. Qe4 Qxe4 21. fxe4 Nd8 22. Bh6 Rf7 23. Bf3 Bh3 24. Rf2 Rd7 25. Bh5 Rd6 26. g4 Nf7 27. Bd2 Kh8 28. Rf3 Bxg4 29. Bxg4 Rg8 30. Rg3 c5 31. Bf5 Rxg3+ 32. hxg3 b5 33. Rc1 Rb6 34. cxb5 Rxb5 35. Rc2 Nd6 36. Bd7 1-0

[Event "GER-ch Blitz"]
[Site "Viernheim"]
[Date "2023.07.15"]
[Round "7"]
[White "Heinrich, Thomas"]
[Black "Neyman, Igor"]
[Result "0-1"]
[WhiteElo "2203"]
[BlackElo "2316"]
[PlyCount "124"]
[EventDate "2023.07.15"]
[EventType "tourn (blitz)"]
[EventRounds "29"]
[EventCountry "GER"]
[SourceTitle "CBM 215 Extra"]
[Source "ChessBase"]
[SourceDate "2023.09.30"]
[SourceVersion "1"]
[SourceVersionDate "2023.09.30"]
[SourceQuality "1"]

1. d4 d5 2. Nf3 Nf6 3. Bf4 c5 4. c3 Qb6 5. Qb3 Nc6 6. e3 c4 7. Qc2 Bf5 8. Qc1 Qd8 9. Nbd2 e6 10. Be2 Be7 11. 0-0 h6 12. b3 b5 13. a4 a6 14. Qb2 0-0 15. axb5 axb5 16. bxc4 bxc4 17. Qb7 Qc8 18. Qxc8 Rfxc8 19. h3 g5 20. Bh2 Bg6 21. Ne5 Nxe5 22. Bxe5 Nd7 23. Bg3 Nb6 24. f4 Na4 25. Rfc1 Nb2 26. Bf3 Nd3 27. Rf1 gxf4 28. exf4 Ba3 29. f5 Bh7 30. fxe6 fxe6 31. Bg4 Bf5 32. Rxf5 exf5 33. Bxf5 Re8 34. Bd7 Re2 35. Bc6 Rd8 36. Rxa3 Rxd2 37. Ra5 Rd1+ 38. Kh2 Rf8 39. Bxd5+ Kh8 40. Bxc4 Rff1 41. Bd6 Rh1+ 42. Kg3 Rhe1 43. Ra8+ Kg7 44. Rg8+ Kh7 45. Rf8 Re3+ 46. Kh4 Kg7 47. Rf7+ Kg6 48. Rf3 Rxf3 49. gxf3 Nb2 50. Bd5 Nd3 51. Be4+ Kf6 52. c4 Nf2 53. Be5+ Ke6 54. Bd5+ Kf5 55. Kg3 Nd3 56. Bd6 Rg1+ 57. Kh2 Rf1 58. Be4+ Ke6 59. c5 Nb4 60. Kg2 Rd1 61. Be5 Nd3 62. f4 Nxe5 0-1

[Event "GER-ch Blitz"]
[Site "Viernheim"]
[Date "2023.07.15"]
[Round "17"]
[White "Lang, Torsten"]
[Black "Heinrich, Thomas"]
[Result "1-0"]
[WhiteElo "2288"]
[BlackElo "2203"]
[PlyCount "66"]
[EventDate "2023.07.15"]
[EventType "tourn (blitz)"]
[EventRounds "29"]
[EventCountry "GER"]
[SourceTitle "CBM 215 Extra"]
[Source "ChessBase"]
[SourceDate "2023.09.30"]
[SourceVersion "1"]
[SourceVersionDate "2023.09.30"]
[SourceQuality "1"]

1. d4 Nf6 2. Nf3 g6 3. Bf4 Bg7 4. e3 d6 5. h3 0-0 6. Be2 b6 7. c4 c5 8. Nc3 cxd4 9. exd4 a6 10. 0-0 e6 11. Rc1 Bb7 12. Re1 Qe7 13. b4 Nbd7 14. Bf1 Rfc8 15. Bh2 Qf8 16. Qd3 Ne8 17. a3 Rc7 18. c5 Rcc8 19. cxd6 Nxd6 20. Ne5 Nf6 21. Na4 Qd8 22. Red1 Nd5 23. Nb2 Nf5 24. Nbc4 Nfe7 25. Ne3 Nxe3 26. fxe3 Qd5 27. Qe2 Qd8 28. Qf2 Qe8 29. Nd3 Be4 30. Ne5 f6 31. Nc4 Qd8 32. Nd6 Rxc1 33. Rxc1 Bc6 1-0

[Event "GER-ch Blitz"]
[Site "Viernheim"]
[Date "2023.07.15"]
[Round "10"]
[White "Langrock, Hannes"]
[Black "Heinrich, Thomas"]
[Result "1/2-1/2"]
[WhiteElo "2359"]
[BlackElo "2203"]
[PlyCount "53"]
[EventDate "2023.07.15"]
[EventType "tourn (blitz)"]
[EventRounds "29"]
[EventCountry "GER"]
[SourceTitle "CBM 215 Extra"]
[Source "ChessBase"]
[SourceDate "2023.09.30"]
[SourceVersion "1"]
[SourceVersionDate "2023.09.30"]
[SourceQuality "1"]

1. d4 Nf6 2. Nf3 g6 3. g3 Bg7 4. Bg2 0-0 5. 0-0 d6 6. b3 c6 7. Bb2 Bg4 8. h3 Bxf3 9. Bxf3 Nbd7 10. e4 Re8 11. Re1 e5 12. Nd2 exd4 13. Bxd4 Nc5 14. Bg2 Ne6 15. Bb2 Qc7 16. e5 dxe5 17. Bxe5 Qe7 18. Nc4 Rad8 19. Qf3 Nd5 20. Bxg7 Kxg7 21. Qe4 Qf6 22. Qe5 Nb4 23. Qxf6+ Kxf6 24. Re2 Nc5 25. Rxe8 Rxe8 26. c3 Nbd3 27. Bf3 1/2-1/2

[Event "GER-ch Blitz"]
[Site "Viernheim"]
[Date "2023.07.15"]
[Round "29"]
[White "Wagner, Dennis"]
[Black "Heinrich, Thomas"]
[Result "1-0"]
[WhiteElo "2598"]
[BlackElo "2203"]
[PlyCount "65"]
[EventDate "2023.07.15"]
[EventType "tourn (blitz)"]
[EventRounds "29"]
[EventCountry "GER"]
[SourceTitle "CBM 215 Extra"]
[Source "ChessBase"]
[SourceDate "2023.09.30"]
[SourceVersion "1"]
[SourceVersionDate "2023.09.30"]
[SourceQuality "1"]

1. d4 Nf6 2. Nf3 g6 3. c4 Bg7 4. Nc3 0-0 5. e4 d6 6. Be2 e5 7. 0-0 Nbd7 8. Be3 Ng4 9. Bg5 f6 10. Bc1 c6 11. h3 Nh6 12. Be3 Nf7 13. Qc2 Qe7 14. Rad1 Bh6 15. Bxh6 Nxh6 16. Rfe1 Nf7 17. Bf1 Re8 18. Qd2 Nf8 19. b4 Be6 20. d5 Bd7 21. c5 Red8 22. Bc4 Kg7 23. dxc6 Bxc6 24. Bxf7 Qxf7 25. cxd6 Bd7 26. Nd5 Be6 27. Nc7 Rac8 28. Qe3 a6 29. Rd2 Bxa2 30. Qb6 Bc4 31. Rc1 Bb5 32. Qxb7 Ne6 33. Nxe6+ 1-0

[Event "GER CupT"]
[Site "Germany"]
[Date "2023.01.28"]
[Round "1.2"]
[White "Winkels, Marcel"]
[Black "Heinrich, Thomas"]
[Result "0-1"]
[WhiteElo "1957"]
[BlackElo "2199"]
[PlyCount "118"]
[EventDate "2023.01.28"]
[EventType "team-k.o."]
[EventRounds "4"]
[EventCountry "GER"]
[SourceTitle "EXT 2024"]
[Source "ChessBase"]
[SourceDate "2023.10.10"]
[SourceVersion "1"]
[SourceVersionDate "2023.10.10"]
[SourceQuality "1"]
[WhiteTeam "Aachen"]
[BlackTeam "Leipzig VfB"]
[WhiteTeamCountry "GER"]
[BlackTeamCountry "GER"]

1. e4 Nf6 2. e5 Nd5 3. d4 d6 4. Nf3 Bg4 5. Be2 e6 6. 0-0 Be7 7. h3 Bh5 8. c4 Nb6 9. Nc3 0-0 10. Be3 d5 11. c5 Bxf3 12. gxf3 N6d7 13. f4 f5 14. b4 c6 15. Rb1 b6 16. Qd2 Kh8 17. Kh2 Rg8 18. Rg1 g6 19. Bf3 Rg7 20. Qe2 Bf8 21. Rbc1 Be7 22. b5 bxc5 23. dxc5 Qa5 24. bxc6 Nxc6 25. Nb5 Rb8 26. Nd6 h6 27. Rb1 Rxb1 28. Rxb1 g5 29. Bh5 Kg8 30. Ne8 Rh7 31. Bg6 Rh8 32. Nd6 Nf8 33. Be8 Nd8 34. Nc8 Bxc5 35. Rb5 Qa6 36. Bxc5 Qxc8 37. Qh5 Rh7 38. Bd6 Qc4 39. Rb4 Qf1 40. Bc5 Qc1 41. Be3 Qc7 42. Rb1 Nf7 43. Rc1 Qe7 44. Bb5 Qb7 45. a4 Rg7 46. Rg1 Qb8 47. Kh1 Qa8 48. Qf3 a6 49. Bd3 Ng6 50. Kh2 Nh4 51. Qh1 Qc6 52. Rg3 Qxa4 53. Qc1 Qd7 54. Bxa6 gxf4 55. Bxf4 Ng5 56. Qc8+ Qxc8 57. Bxc8 Kf7 58. Kg1 Nxh3+ 59. Kf1 Nxf4 0-1

[Event "GER-ch Net blitz sf"]
[Site "Playchess.com INT"]
[Date "2021.06.05"]
[Round "8"]
[White "Heinrich, Thomas"]
[Black "Bluebaum, Karl Ernst"]
[Result "1-0"]
[WhiteElo "2173"]
[BlackElo "2052"]
[PlyCount "127"]
[EventDate "2021.06.05"]
[EventType "swiss (blitz)"]
[EventRounds "13"]
[EventCountry "GER"]
[SourceTitle "EXT 2023"]
[Source "ChessBase"]
[SourceDate "2022.10.05"]
[SourceVersion "1"]
[SourceVersionDate "2022.10.05"]
[SourceQuality "1"]

1. d4 d5 2. Nf3 Nf6 3. Bf4 c5 4. c3 Nc6 5. e3 Bf5 6. Nbd2 Qb6 7. Qb3 c4 8. Qxb6 axb6 9. a3 h6 10. h3 e6 11. Be2 Be7 12. 0-0 0-0 13. Rfe1 b5 14. Nh2 Bh7 15. Nhf1 Rfe8 16. Rac1 Bf8 17. Bd1 e5 18. dxe5 Nxe5 19. Bxe5 Rxe5 20. Bc2 Bxc2 21. Rxc2 Bc5 22. Nf3 Re6 23. Ng3 g6 24. Rd1 Rae8 25. Nd4 Bxd4 26. Rxd4 h5 27. h4 Re5 28. Rcd2 Kg7 29. Rd1 R8e7 30. Ne2 Re4 31. Nf4 Rxd4 32. Rxd4 Re4 33. Rd1 Re5 34. Ne2 Re6 35. Nd4 Rb6 36. f3 Kf8 37. Kf2 Ke7 38. Nc2 Kd6 39. Rd4 Kc5 40. Rf4 Rd6 41. Ke2 Re6 42. g4 hxg4 43. fxg4 g5 44. hxg5 Ne4 45. Rxf7 Rg6 46. Rxb7 Rxg5 47. Kf3 Rg8 48. Nd4 Rh8 49. Rxb5+ Kd6 50. Rb6+ Kd7 51. Kf4 Rh2 52. Ke5 Rg2 53. Kxd5 Nd2 54. Rb7+ Kc8 55. Rg7 Nf1 56. e4 Ne3+ 57. Kc6 Rxg4 58. Rxg4 Nxg4 59. Kc5 Ne3 60. Nb5 Nd1 61. Nd6+ Kd7 62. Nxc4 Nf2 63. Kd4 Ng4 64. a4 1-0

[Event "GER-ch Net blitz sf"]
[Site "Playchess.com INT"]
[Date "2021.06.05"]
[Round "4"]
[White "Wessendorf, Thomas"]
[Black "Heinrich, Thomas"]
[Result "1-0"]
[WhiteElo "2043"]
[BlackElo "2173"]
[PlyCount "63"]
[EventDate "2021.06.05"]
[EventType "swiss (blitz)"]
[EventRounds "13"]
[EventCountry "GER"]
[SourceTitle "EXT 2023"]
[Source "ChessBase"]
[SourceDate "2022.10.05"]
[SourceVersion "1"]
[SourceVersionDate "2022.10.05"]
[SourceQuality "1"]

1. e4 Nf6 2. e5 Nd5 3. d4 d6 4. c4 Nb6 5. exd6 exd6 6. Nc3 Be7 7. Nf3 Bg4 8. Be2 0-0 9. 0-0 Re8 10. h3 Bh5 11. b3 Nc6 12. Be3 Bf6 13. Qd2 h6 14. Rad1 d5 15. c5 Nc8 16. g4 Bg6 17. Ne1 b6 18. cxb6 axb6 19. Bb5 N8a7 20. Be2 Na5 21. Ng2 c6 22. Nf4 Bh7 23. Nh5 Nc8 24. Rfe1 Nd6 25. Bf4 Bg5 26. Bxg5 hxg5 27. Bf3 f6 28. Rxe8+ Qxe8 29. Re1 Qd7 30. Nxd5 Rb8 31. Ndxf6+ Kh8 32. Nxd7 1-0

[Event "GER-ch Net blitz qual4"]
[Site "Playchess.com INT"]
[Date "2021.05.10"]
[Round "5"]
[White "Heinrich, Thomas"]
[Black "Ritscher, Jan Paul"]
[Result "1-0"]
[WhiteElo "2125"]
[BlackElo "2106"]
[PlyCount "57"]
[EventDate "2021.05.10"]
[EventType "swiss (blitz)"]
[EventRounds "11"]
[EventCountry "GER"]
[SourceTitle "CBM 202 Extra"]
[Source "ChessBase"]
[SourceDate "2021.07.31"]
[SourceVersion "1"]
[SourceVersionDate "2021.07.31"]
[SourceQuality "1"]

1. d4 f5 2. Nf3 Nf6 3. g3 e6 4. Bg2 d5 5. 0-0 c6 6. c4 Bd6 7. b3 Qe7 8. Nbd2 0-0 9. Bb2 Nbd7 10. Qc2 b6 11. Ne5 Bb7 12. Ndf3 Rac8 13. Rac1 c5 14. Nxd7 Nxd7 15. e3 dxc4 16. bxc4 Nf6 17. Qa4 Bc6 18. Qb3 Ne4 19. Rfd1 Qe8 20. Qd3 Rd8 21. Qe2 Ba4 22. Re1 Qe7 23. Nd2 Nxd2 24. Qxd2 Rc8 25. d5 e5 26. f4 e4 27. Qc3 Qd7 28. h3 Be7 29. Qxg7# 1-0

[Event "GER-ch Net blitz qual5"]
[Site "Playchess.com INT"]
[Date "2020.03.28"]
[Round "6"]
[White "Scheftlein, Richard"]
[Black "Heinrich, Thomas"]
[Result "0-1"]
[WhiteElo "2243"]
[BlackElo "2172"]
[PlyCount "146"]
[EventDate "2020.03.28"]
[EventType "swiss (blitz)"]
[EventRounds "13"]
[EventCountry "GER"]
[SourceTitle "CBM 195 Extra"]
[Source "ChessBase"]
[SourceDate "2020.05.31"]
[SourceVersion "1"]
[SourceVersionDate "2020.05.31"]
[SourceQuality "1"]

1. d4 Nf6 2. c4 c5 3. Nf3 cxd4 4. Nxd4 b6 5. f3 Bb7 6. e4 d6 7. Nc3 e6 8. Be2 a6 9. Be3 Nbd7 10. 0-0 Be7 11. Qd2 Rc8 12. Rfd1 0-0 13. Bf1 Qc7 14. Rac1 Qb8 15. Nc2 Rfe8 16. b3 Bd8 17. Kh1 Bc7 18. Bg1 Ne5 19. Ne3 Ng6 20. Nc2 h6 21. a4 Bc6 22. Nb4 Bb7 23. Qb2 Qa8 24. Rd2 d5 25. cxd5 Bf4 26. dxe6 Rxe6 27. Bc4 Bxd2 28. Qxd2 Rd8 29. Qe2 Red6 30. Nbd5 Nxd5 31. Nxd5 b5 32. axb5 axb5 33. Bxb5 Bxd5 34. exd5 Rxd5 35. Bc6 Qc8 36. Qc4 Rd1 37. b4 Rxc1 38. Qxc1 Ne5 39. b5 Nxc6 40. bxc6 Qc7 41. h3 Rd6 42. Qb2 Rxc6 43. Qd4 Rc1 44. Qe3 Rc3 45. Qd4 Rc4 46. Qe3 Rc6 47. Qe8+ Kh7 48. Qe4+ g6 49. h4 Re6 50. Qg4 h5 51. Qd4 Qd6 52. Qa7 Qe7 53. Qd4 Rd6 54. Qf4 Rd1 55. Qc4 Rb1 56. Kh2 Rb4 57. Bc5 Qxh4+ 58. Qxh4 Rxh4+ 59. Kg3 Rc4 60. Be7 Kg7 61. Bd8 f6 62. Be7 g5 63. Bd8 Kg6 64. Be7 Rc7 65. Bd8 Rc2 66. Be7 f5 67. Bd8 f4+ 68. Kh3 Kf5 69. Kh2 g4 70. fxg4+ hxg4 71. Kg1 g3 72. Kf1 Rf2+ 73. Kg1 Rd2 0-1

[Event "GER-ch Net blitz qual5"]
[Site "Playchess.com INT"]
[Date "2020.03.28"]
[Round "13"]
[White "Schulz, Karsten"]
[Black "Heinrich, Thomas"]
[Result "1/2-1/2"]
[WhiteElo "2301"]
[BlackElo "2172"]
[PlyCount "41"]
[EventDate "2020.03.28"]
[EventType "swiss (blitz)"]
[EventRounds "13"]
[EventCountry "GER"]
[SourceTitle "CBM 195 Extra"]
[Source "ChessBase"]
[SourceDate "2020.05.31"]
[SourceVersion "1"]
[SourceVersionDate "2020.05.31"]
[SourceQuality "1"]

1. Nf3 Nf6 2. g3 d5 3. c4 c6 4. Bg2 Bg4 5. Ne5 Bh5 6. cxd5 Nxd5 7. Nc3 e6 8. d4 Be7 9. 0-0 0-0 10. Qb3 Qb6 11. Nxd5 exd5 12. Qxb6 axb6 13. g4 Bg6 14. Nxg6 hxg6 15. e3 Nd7 16. Bd2 b5 17. Rfc1 Nb6 18. b3 Ra3 19. Rcb1 Rfa8 20. Rb2 f6 21. h3 1/2-1/2

[Event "GER-ch Net blitz qual4"]
[Site "Playchess.com INT"]
[Date "2020.03.23"]
[Round "6"]
[White "Hansch, Karsten"]
[Black "Heinrich, Thomas"]
[Result "1-0"]
[WhiteElo "2300"]
[BlackElo "2172"]
[PlyCount "127"]
[EventDate "2020.03.23"]
[EventType "swiss (blitz)"]
[EventRounds "9"]
[EventCountry "GER"]
[SourceTitle "CBM 195 Extra"]
[Source "ChessBase"]
[SourceDate "2020.05.31"]
[SourceVersion "1"]
[SourceVersionDate "2020.05.31"]
[SourceQuality "1"]

1. e4 Nf6 2. e5 Nd5 3. d4 d6 4. Nf3 Bg4 5. Be2 e6 6. 0-0 Be7 7. h3 Bh5 8. c4 Nb6 9. Nc3 0-0 10. Be3 Bxf3 11. Bxf3 Nc6 12. Bxc6 bxc6 13. b3 f6 14. Qg4 f5 15. Qf3 Qd7 16. Qg3 Rad8 17. f4 Qe8 18. Qf3 d5 19. c5 Nd7 20. Qe2 Rf7 21. Kf2 Nf8 22. Ke1 a5 23. Kd2 Ra8 24. Rg1 Qb8 25. Kc2 Ng6 26. g3 Qb4 27. a3 Qb7 28. Rgb1 Rff8 29. Qf1 Rfb8 30. b4 axb4 31. Rxb4 Qc8 32. Rxb8 Qxb8 33. Qb1 Qa7 34. a4 Qa6 35. Qb3 h6 36. Rb1 Nf8 37. Qb7 g5 38. Qxa6 Rxa6 39. Rb7 Ng6 40. Rxc7 gxf4 41. gxf4 Bh4 42. Kb3 Be1 43. Ne2 Ba5 44. Rb7 Kf8 45. Ng3 Be1 46. Nh5 Nh4 47. Rb6 Ra8 48. Rxc6 Ng2 49. Bc1 Ba5 50. Rxe6 Rb8+ 51. Kc2 Ne1+ 52. Kd1 Nd3 53. Bd2 Rb1+ 54. Kc2 Rb2+ 55. Kxd3 Rxd2+ 56. Ke3 Rh2 57. Rf6+ Ke7 58. Ng7 Rxh3+ 59. Ke2 Rh2+ 60. Kf3 Rh3+ 61. Kg2 Rd3 62. Nxf5+ Ke8 63. Rd6 Bc3 64. Rxd5 1-0

[Event "GER-ch Net blitz qual4"]
[Site "Playchess.com INT"]
[Date "2020.03.23"]
[Round "3"]
[White "Heinrich, Thomas"]
[Black "Serrer, Christoph"]
[Result "1-0"]
[WhiteElo "2172"]
[BlackElo "2281"]
[PlyCount "143"]
[EventDate "2020.03.23"]
[EventType "swiss (blitz)"]
[EventRounds "9"]
[EventCountry "GER"]
[SourceTitle "CBM 195 Extra"]
[Source "ChessBase"]
[SourceDate "2020.05.31"]
[SourceVersion "1"]
[SourceVersionDate "2020.05.31"]
[SourceQuality "1"]

1. d4 d5 2. Nf3 Nf6 3. Bf4 c5 4. e3 Nc6 5. c3 Qb6 6. Qb3 c4 7. Qc2 Bf5 8. Qc1 e6 9. Nbd2 h6 10. Be2 Be7 11. 0-0 Rc8 12. Bd1 0-0 13. Bc2 Bxc2 14. Qxc2 Qd8 15. e4 b5 16. Ne5 a5 17. Rae1 b4 18. Re3 Nxe5 19. dxe5 Nh5 20. Bg3 Bc5 21. Rf3 bxc3 22. bxc3 Nxg3 23. Rxg3 Rb8 24. exd5 exd5 25. Nf3 f6 26. Qg6 Qe7 27. e6 Rb6 28. Nh4 f5 29. Nxf5 Rxf5 30. Qxf5 Qxe6 31. Qxe6+ Rxe6 32. Rf3 Re2 33. Rf5 Rd2 34. a4 Ba7 35. g3 d4 36. cxd4 Bxd4 37. Rxa5 c3 38. Ra8+ Kh7 39. Rc8 c2 40. Kg2 Bb2 41. a5 c1Q 42. Rfxc1 Bxc1 43. Rxc1 Ra2 44. Rc5 Kg6 45. h3 Kf6 46. g4 g6 47. Kg3 Ra3+ 48. f3 Ra1 49. Rb5 Ra2 50. Rb6+ Kf7 51. a6 Ra1 52. Rb7+ Kf6 53. a7 Ra4 54. f4 Ra3+ 55. Kf2 g5 56. f5 Ke5 57. Ke2 Ra2+ 58. Kd3 h5 59. Kc4 h4 60. Kc5 Kf4 61. f6 Kg3 62. f7 Kxh3 63. f8Q Kg3 64. Rb4 h3 65. Qb8+ Kh4 66. a8Q Rxa8 67. Qxa8 h2 68. Qh8+ Kg3 69. Rb3+ Kf4 70. Qxh2+ Kxg4 71. Rg3+ Kf4 72. Qf2+ 1-0